Filmmaking for dummies

With all the recent advancements in filmmaking technology, more people than ever are trying their hand at filmmaking. Keeping up with the newest information in this booming field, this updated edition of Filmmaking For Dummies features up-to-the-minute coverage of the latest and greatest hardware, s...

Szczegółowa specyfikacja

Zapisane w:
Opis bibliograficzny
1. autor: Stoller, Bryan Michael
Format: Książka
Język:Undetermined
Wydane: Hoboken, NJ. Wiley Pub. 2009
Hasła przedmiotowe:
Etykiety: Dodaj etykietę
Nie ma etykietki, Dołącz pierwszą etykiete!
Thư viện lưu trữ: Trung tâm Học liệu Trường Đại học Cần Thơ
LEADER 01439nam a2200193Ia 4500
001 CTU_226033
008 210402s9999 xx 000 0 und d
082 |a 791.430233 
082 |b S875 
100 |a Stoller, Bryan Michael 
245 0 |a Filmmaking for dummies 
245 0 |c Bryan Michael Stoller ; foreword by Jerry Lewis 
260 |a Hoboken, NJ. 
260 |b Wiley Pub. 
260 |c 2009 
520 |a With all the recent advancements in filmmaking technology, more people than ever are trying their hand at filmmaking. Keeping up with the newest information in this booming field, this updated edition of Filmmaking For Dummies features up-to-the-minute coverage of the latest and greatest hardware, software, accessories, and trends--including high-definition technology and new outlets for films such as YouTube and MySpace. It demystifies the nuts-and-bolts of filmmaking, from developing a project and securing financing to hiring a cast and crew, editing, and getting distribution. This new edition also provides new movie examples and updated contacts and resources. Whether people want to become professional filmmakers or simply shoot quality home movies, this practical guide has all the advice and tips needed to succeed. 
650 |a Hình ảnh chuyển động,Motion pictures 
650 |x Sản xuất và chỉ đạo,Production and direction 
980 |a Trung tâm Học liệu Trường Đại học Cần Thơ